Jeux Pokémon - Statistiques

Statistiques générales
  • Ce quiz a été pris 286 fois
  • Le résultat moyen est 22 sur 27
Statistiques - réponses
Année de sortie Pokémon Version % Correct
1996 Rouge
99%
1998 Jaune
98%
1999 Argent
92%
1999 Or
92%
2002 Saphir
92%
2002 Rubis
90%
2006 Diamant
89%
2006 Perle
89%
2013 X
89%
2013 Y
88%
2016 Lune
87%
2016 Soleil
86%
2004 Emeraude
84%
2008 Platine
84%
2010 Noire
81%
2010 Blanche
80%
1996 Bleue
80%
2004 Vert Feuille
79%
2014 Rubis Oméga
78%
2014 Saphir Alpha
78%
2012 Noire 2
77%
2012 Blanche 2
76%
2004 Rouge Feu
76%
1996 Verte
75%
2000 Cristal
72%
2009 Argent SoulSilver
52%
2009 Or HeartGold
52%
Aucun quiz correspondant
Distribution des résultats
% des personnes avec chaque résultat
Percentile par nombre de réponses
Votre historique - résultats
Vous n’avez pas pris ce quiz